书目信息 |
| 题名: |
GB 50332 -2002 给水排水工程管道结构设计规范
|
|
| 作者: | 中华人民共和国建设部 | |
| 分册: | ||
| 出版信息: | 北京 中国建筑工业出版社 2003.02 |
|
| 页数: | 53页 | |
| 开本: | 20cm | |
| 丛书名: | ||
| 单 册: | ||
| 中图分类: | TU991.36-65 | |
| 科图分类: | ||
| 主题词: | 给水工程:市政工程 , 城市供水系统 | |
| 电子资源: | ||
| ISBN: | ||
| 000 | 00826nam0 2200229 450 | |
| 001 | 1660142458 | |
| 005 | 20160503164659.42 | |
| 010 | @dCNY 10.00 | |
| 091 | @a1511220209 | |
| 100 | @a20160503d2003 km y0chiy0120 ea | |
| 101 | 0 | @achi |
| 102 | @aCN@b110000 | |
| 200 | 1 | @aGB 50332 -2002 给水排水工程管道结构设计规范@AGB 50332-2002 gei shui pai shui gong cheng guan dao jie gou she ji gui fan@f中华人民共和国建设部@Fzhong hua ren min gong he guo jian she bu |
| 210 | @a北京@c中国建筑工业出版社@d2003.02 | |
| 215 | @a53页@d20cm | |
| 300 | @a中华人民共和国国家标准 | |
| 606 | 0 | @a给水工程:市政工程 |
| 606 | 0 | @a城市供水系统 |
| 690 | @aTU991.36-65@v4 | |
| 701 | 0 | @a中华人民共和国建设部@Azhong hua ren min gong he guo jian she bu |
| 801 | 0 | @aCN@b大连网信软件有限公司图书馆·11@c20160503 |
| 905 | @aZUCC@dTU991.36-65@eJ3101 | |
| GB 50332 -2002 给水排水工程管道结构设计规范/中华人民共和国建设部.-北京:中国建筑工业出版社,2003.02 |
| 53页;20cm |
| 中华人民共和国国家标准 |
| ISBN :CNY 10.00 |
| ● |
| 相关链接 |
|
|
|
正题名:GB 50332 -2002 给水排水工程管道结构设计
索取号:TU991.36-65/J3101
 
预约/预借
| 序号 | 登录号 | 条形码 | 馆藏地/架位号 | 状态 | 备注 |
| 1 | 1237742 | 212377426 | 管理学院资料室/ [索取号:TU991.36-65/J3101] | 在馆 | |
| 2 | 1237743 | 212377435 | 管理学院资料室/ [索取号:TU991.36-65/J3101] | 在馆 |